000 01219cam a22003377a 4500
003 CHAP
005 20220329140109.0
008 971013s1979 r 00010 d
010 _a46939
011 _a47911
035 _a52055
040 _cCHAP
090 _aTesis
100 0 0 _aSalazar Rodríguez, Mario Alberto.
_9101437
245 0 _aPrueba de fertilización en sorgo escobero (Sorghum vulgare var. Technicum), bajo condiciones de medio riego, en el Rancho La Mesa, Pesquería, N.L.
260 _aMonterrey, N.L. :
_bEl autor,
_c1979
300 _a49 h.
_b; gráfs. ; mapa
502 _aTesis (Ing. Agr. Fitotecnista) --Universisdad Autónoma de Nuevo León. Fac. de Agronomía
590 _aALEPH
_b10
_c20130110
_lUCH01
_h1316
590 _aBATCH-UPD
_b10
_c20130110
_lUCH01
_h1242
590 _aBATCH-UPD
_b10
_c20130410
_lUCH01
_h0807
590 _aBATCH-UPD
_b10
_c20130914
_lUCH01
_h1427
590 _aCONVERSION
_b10
_c20130109
_lUCH01
_h1326
650 1 4 _aFertilizantes
_xEfecto en sorgo.
_940551
650 1 4 _aSorgo escobero.
_9108746
650 1 4 _aSorgo
_xIrrigación.
_9108688
650 1 4 _aSorgo
_xNuevo León.
_9108702
901 _aBK
942 _cTESIS
949 _bBC
_cTES
_d-116171
_eTS1
_i52055
_si
999 _c46939
_d46939